Statystyki dla Nazwij wszystkie albumy Taylor Swift

Kliknij tutaj aby rozwiązać quiz!

Ogólne statystyki

  • Ten quiz został rozwiązany 56 razy
  • Średni wynik to 10 z 11

Statystyki odpowiedzi

RokAlbum% Poprawnych
20141989
98%
2012Red
96%
2017Reputation
96%
2008Fearless
94%
2020Folklore
94%
2019Lover
94%
2006Taylor Swift
94%
2010Speak Now
92%
2022Midnights
90%
2020Evermore
88%
2024
The Tortured Poets
Department
81%

Rozkład punktacji

Percentyl według liczby udzielonych odpowiedzi

Procent ludzi z każdym wynikiem

Twoja historia wyników

Nie rozwiązałeś tego quizu